[Event "Massy Op"]
[Site "Massy"]
[Date "10.06.28"]
[Round "?"]
[White "Msellek, Ilyass"]
[Black "Debray, Christopher"]
[Result "1/2-1/2"]
[WhiteElo "2024"]
[BlackElo "2377"]
[PlyCount "96"]
[EventDate "2010.06.??"]
[EventType "swiss"]
[EventRounds "7"]
[EventCountry "FRA"]
[WhiteTeamCountry "FRA"]
[BlackTeamCountry "FRA"]

1. e4 e5 2. Nf3 Nf6 3. Nxe5 d6 4. Nf3 Nxe4 5. d4 d5 6. Bd3 Bd6 7. O-O O-O 8.
Nbd2 Nxd2 9. Bxd2 Bg4 10. h3 Bh5 11. Re1 Nc6 12. c3 Bg6 13. Bxg6 hxg6 14. Qc2
Qd7 15. Re2 b5 16. b3 Rfe8 17. Rxe8+ Rxe8 18. Qd3 b4 19. c4 dxc4 20. bxc4 a5
21. Re1 Rxe1+ 22. Bxe1 Qf5 23. Qe3 Kf8 24. g3 Qb1 25. d5 Qxa2 26. dxc6 Qxc4 27.
Ne5 Qe6 28. Nd3 Qd5 29. Nf4 Qxc6 30. Qa7 Bxf4 31. gxf4 Qc1 32. Qa8+ Ke7 33.
Qe4+ Kd6 34. Kh2 Kc5 35. Qe5+ Kb6 36. f3 Qc2+ 37. Kg3 f6 38. Qe8 c6 39. Qb8+
Kc5 40. Bf2+ Kc4 41. Qb6 a4 42. Qxc6+ Kb3 43. Qd5+ Qc4 44. Qd1+ Ka3 45. Qd6 Kb3
46. Qd1+ Qc2 47. Qd5+ Ka3 48. Bc5 Qc3 1/2-1/2

[Event "Massy Op"]
[Site "Massy"]
[Date "10.06.28"]
[Round "?"]
[White "Barchilon, Jean Charles"]
[Black "Albaric, Etienne"]
[Result "1-0"]
[WhiteElo "1946"]
[BlackElo "1727"]
[PlyCount "59"]
[EventDate "2010.06.??"]
[EventType "swiss"]
[EventRounds "7"]
[EventCountry "FRA"]
[WhiteTeamCountry "FRA"]
[BlackTeamCountry "FRA"]

1. d4 Nf6 2. c4 g6 3. Nc3 d5 4. cxd5 Nxd5 5. e4 Nxc3 6. bxc3 Bg7 7. Be3 c5 8.
Qd2 O-O 9. Bc4 Nc6 10. Ne2 Qc7 11. Rc1 Rd8 12. O-O Qa5 13. Rfd1 cxd4 14. cxd4
Qxd2 15. Rxd2 e6 16. f4 Ne7 17. Nc3 b6 18. d5 Bxc3 19. Rxc3 exd5 20. Bxd5 Nxd5
21. exd5 Rb8 22. d6 Rb7 23. Bd4 Rbd7 24. Bf6 Re8 25. Rc7 Rxc7 26. dxc7 b5 27.
Kf2 h5 28. Rd8 Kf8 29. Bd4 Ke7 30. Bc5+ 1-0

[Event "Massy Op"]
[Site "Massy"]
[Date "10.06.28"]
[Round "?"]
[White "Rubcke, Horst"]
[Black "Saunier, Jean Francois"]
[Result "0-1"]
[WhiteElo "1615"]
[BlackElo "1729"]
[PlyCount "62"]
[EventDate "2010.06.??"]
[EventType "swiss"]
[EventRounds "7"]
[EventCountry "FRA"]
[WhiteTeamCountry "FRA"]
[BlackTeamCountry "FRA"]

1. e4 Nf6 2. Nc3 e5 3. Bc4 Bc5 4. d3 c6 5. Bg5 b5 6. Bb3 d6 7. Qd2 O-O 8. h3 a5
9. a3 Nbd7 10. Nf3 Qb6 11. O-O Qd8 12. Rae1 Re8 13. Kh1 Nf8 14. Nh4 Be6 15. f4
Bxb3 16. cxb3 Bd4 17. Nf3 Ne6 18. fxe5 dxe5 19. Ne2 Nxg5 20. Nfxd4 Ngxe4 21.
dxe4 Nxe4 22. Qd3 exd4 23. Rf4 Nf6 24. Rxd4 Qe7 25. Kh2 Qe5+ 26. g3 Nd5 27. Qf3
Qe3 28. Qg2 Re7 29. h4 Rae8 30. Kh3 Qe6+ 31. Kh2 Qxe2 0-1

[Event "Massy Op"]
[Site "Massy"]
[Date "10.06.29"]
[Round "?"]
[White "Mousset Evtouchenko, Nina"]
[Black "Saliou , Ronan"]
[Result "1-0"]
[WhiteElo "1735"]
[BlackElo "1210"]
[PlyCount "89"]
[EventDate "2010.06.??"]
[EventType "swiss"]
[EventRounds "7"]
[EventCountry "FRA"]
[WhiteTeamCountry "FRA"]
[BlackTeamCountry "FRA"]

1. c4 e5 2. Nc3 Nf6 3. g3 c5 4. Bg2 Nc6 5. e3 d6 6. Nge2 Be6 7. b3 Qd7 8. O-O
O-O-O 9. d4 d5 10. cxd5 Nxd5 11. Nxd5 Bxd5 12. e4 Be6 13. d5 Nb8 14. Bb2 Bg4
15. Bxe5 f6 16. Bb2 Bh3 17. Nf4 Bxg2 18. Kxg2 Bd6 19. Ne6 Rde8 20. Qc2 b6 21.
b4 Na6 22. a3 Kb8 23. bxc5 Nxc5 24. Nxc5 Bxc5 25. f3 Rc8 26. Qb3 Rc7 27. Rfc1
Rhc8 28. Rc2 a5 29. a4 h5 30. Rac1 Qd6 31. f4 g5 32. e5 Qd8 33. fxg5 fxg5 34.
e6 Kb7 35. Be5 Bd6 36. Rxc7+ Rxc7 37. Rxc7+ Qxc7 38. Bxd6 Qxd6 39. Qd3 h4 40.
Qf5 hxg3 41. hxg3 Qa3 42. Qe4 Qa2+ 43. Kh3 Kc8 44. e7 Qxa4 45. Qxa4 1-0

[Event "Massy Op"]
[Site "Massy"]
[Date "10.06.28"]
[Round "?"]
[White "Nguyen, Vincent"]
[Black "Trkulja , Nicolas"]
[Result "1-0"]
[WhiteElo "2211"]
[BlackElo "1725"]
[PlyCount "55"]
[EventDate "2010.06.??"]
[EventType "swiss"]
[EventRounds "7"]
[EventCountry "FRA"]
[WhiteTeamCountry "FRA"]
[BlackTeamCountry "FRA"]

1. e4 e6 2. d4 d5 3. Nd2 a6 4. c3 Nf6 5. e5 Nfd7 6. Bd3 c5 7. Ne2 Nc6 8. O-O
cxd4 9. cxd4 f6 10. Nf4 Qe7 11. Qh5+ Kd8 12. Nf3 g5 13. Ne2 h6 14. Bd2 Qg7 15.
Rac1 fxe5 16. Nxe5 Ndxe5 17. dxe5 Bd7 18. f4 Be7 19. Be3 Kc7 20. f5 exf5 21.
Bxf5 Bxf5 22. Rxf5 Raf8 23. Nd4 Kd7 24. Rxf8 Rxf8 25. Qg4+ Ke8 26. Rxc6 bxc6
27. Qc8+ Bd8 28. Ne6 1-0

[Event "Massy Op"]
[Site "Massy"]
[Date "10.06.28"]
[Round "?"]
[White "Dean, Pietro"]
[Black "Bagoe, Stephen"]
[Result "0-1"]
[WhiteElo "1479"]
[BlackElo "1703"]
[PlyCount "80"]
[EventDate "2010.06.??"]
[EventType "swiss"]
[EventRounds "7"]
[EventCountry "FRA"]
[WhiteTeamCountry "FRA"]
[BlackTeamCountry "FRA"]

1. e4 e6 2. d4 d5 3. exd5 exd5 4. Bd3 c5 5. c3 c4 6. Bc2 Bd6 7. Ne2 Nf6 8. Bg5
h6 9. Bh4 Bg4 10. O-O Nbd7 11. f3 Be6 12. Bg3 Qc7 13. Bxd6 Qxd6 14. Qc1 g5 15.
Ng3 O-O-O 16. a4 Rdg8 17. Nf5 Bxf5 18. Bxf5 h5 19. Na3 a6 20. Nc2 g4 21. Bxd7+
Nxd7 22. f4 Re8 23. Ne3 Nf6 24. Nf5 Qd7 25. Nh4 Re7 26. Qc2 Ne4 27. Rae1 Rhe8
28. g3 Qe6 29. Ng2 Qd7 30. f5 Nf6 31. Rxe7 Rxe7 32. b4 Qe8 33. a5 Re2 34. Qd1
Qe4 35. Nh4 Qe3+ 36. Kh1 Ne4 37. Ng2 Nf2+ 38. Kg1 Nh3+ 39. Kh1 Qg1+ 40. Rxg1
Nf2# 0-1

[Event "Massy Op"]
[Site "Massy"]
[Date "10.06.28"]
[Round "?"]
[White "Bounya, Myriam"]
[Black "Champagne, Pascal"]
[Result "1/2-1/2"]
[WhiteElo "1812"]
[BlackElo "1685"]
[PlyCount "53"]
[EventDate "2010.06.??"]
[EventType "swiss"]
[EventRounds "7"]
[EventCountry "FRA"]
[WhiteTeamCountry "FRA"]
[BlackTeamCountry "FRA"]

1. d4 Nf6 2. c4 g6 3. Nc3 d6 4. e4 Bg7 5. f3 c5 6. d5 O-O 7. Be3 Nbd7 8. Qd2
Re8 9. Bd3 Ne5 10. O-O-O Nxd3+ 11. Qxd3 Qa5 12. Nge2 Nd7 13. f4 a6 14. Kb1 Rb8
15. Bc1 b5 16. Rd2 bxc4 17. Qxc4 Rb4 18. Qd3 Nb6 19. Kc2 c4 20. Qe3 Na4 21. e5
Nxc3 22. Nxc3 dxe5 23. fxe5 Bf5+ 24. Kd1 Qc7 25. Re1 Bg4+ 26. Kc2 Bf5+ 27. Kd1
1/2-1/2

[Event "Massy Op"]
[Site "Massy"]
[Date "10.06.28"]
[Round "?"]
[White "Guilleux, Fabien"]
[Black "Trommsdorf, Fro"]
[Result "1-0"]
[WhiteElo "2394"]
[BlackElo "2069"]
[PlyCount "57"]
[EventDate "2010.06.??"]
[EventType "swiss"]
[EventRounds "7"]
[EventCountry "FRA"]
[WhiteTeamCountry "FRA"]
[BlackTeamCountry "FRA"]

1. d4 Nf6 2. c4 g6 3. Nc3 Bg7 4. e4 d6 5. Be2 O-O 6. Be3 a5 7. Nf3 Na6 8. Nd2
e5 9. d5 h6 10. a3 Nxe4 11. Ndxe4 f5 12. Qc1 fxe4 13. Bxh6 Nc5 14. Qe3 Qf6 15.
Bg5 Qf7 16. O-O Nb3 17. Rad1 Nd4 18. Nxe4 Bf5 19. Bd3 b5 20. f3 bxc4 21. Bxc4
Bc8 22. f4 Nf5 23. Qd3 exf4 24. Rxf4 Be5 25. Rf3 Qh7 26. Rh3 Qg7 27. b3 Bd4+
28. Kh1 Re8 29. g4 1-0

[Event "Massy Op"]
[Site "Massy"]
[Date "10.06.28"]
[Round "?"]
[White "Pommier, Eugene"]
[Black "Jonas, Joseph"]
[Result "0-1"]
[WhiteElo "1511"]
[BlackElo "1630"]
[PlyCount "90"]
[EventDate "2010.06.??"]
[EventType "swiss"]
[EventRounds "7"]
[EventCountry "FRA"]
[WhiteTeamCountry "FRA"]
[BlackTeamCountry "FRA"]

1. Nf3 Nf6 2. c4 Nc6 3. Nc3 e5 4. d3 Bc5 5. e3 O-O 6. Na4 Be7 7. Nc3 Re8 8. Be2
d6 9. O-O Bf5 10. e4 Bg4 11. h3 Bd7 12. a3 b6 13. b4 Nb8 14. b5 a6 15. a4 axb5
16. cxb5 Bc8 17. d4 exd4 18. Nxd4 Bb7 19. f3 d5 20. e5 Nfd7 21. f4 Bc5 22. Kh1
Nf8 23. Bf3 Ng6 24. g3 Ne7 25. Nce2 c6 26. bxc6 Nbxc6 27. Nb5 Na5 28. Ba3 Nf5
29. Bxc5 bxc5 30. Qc2 Ne3 31. Qxc5 Nxf1 32. Nd6 Nxg3+ 33. Nxg3 Nb3 34. Nxb7
Nxc5 35. Nxd8 Rexd8 36. Nf5 Rxa4 37. Rb1 Rxf4 38. Bg4 Nd3 39. Kg2 Nxe5 40. Kg3
Ra4 41. Bd1 Ra3+ 42. Kh4 h6 43. Bb3 Rb8 44. Nd4 Rb4 45. Rd1 Raxb3 0-1

[Event "Massy Op"]
[Site "Massy"]
[Date "10.06.28"]
[Round "?"]
[White "Vernier,  Maurice"]
[Black "Legrand, Claire"]
[Result "0-1"]
[WhiteElo "1360"]
[BlackElo "1593"]
[PlyCount "120"]
[EventDate "2010.06.??"]
[EventType "swiss"]
[EventRounds "7"]
[EventCountry "FRA"]
[WhiteTeamCountry "FRA"]
[BlackTeamCountry "FRA"]

1. e4 d6 2. Nc3 Nf6 3. Nf3 Nbd7 4. d4 e5 5. d5 Be7 6. Bd3 O-O 7. Be3 c6 8. h3
Qc7 9. g4 h6 10. g5 hxg5 11. Bxg5 cxd5 12. Nxd5 Nxd5 13. exd5 Bxg5 14. Bh7+
Kxh7 15. Nxg5+ Kg8 16. Qh5 Nf6 17. Qd1 Bf5 18. c3 Qc5 19. Qf3 Qxd5 20. Rg1 Qxf3
21. Nxf3 Bxh3 22. O-O-O Bg4 23. Rg3 Bxf3 24. Rxf3 Ne4 25. Rh1 f5 26. Rg1 Rac8
27. Kc2 d5 28. Kd3 Nxc3 29. Rfg3 e4+ 30. Kd2 Rf7 31. bxc3 Rfc7 32. Rb1 b6 33.
Rb5 Rc5 34. Rb4 Kf7 35. Rb1 f4 36. Rg4 f3 37. Rbg1 Rxc3 38. Rxg7+ Ke6 39. R1g5
Rc2+ 40. Ke3 Re2+ 41. Kf4 Rf8+ 42. Kg3 Rxa2 43. Rc7 Kd6 44. Rgg7 Rd8 45. Rcf7
Kc5 46. Rc7+ Kd4 47. Rc1 b5 48. Rd1+ Kc4 49. Rc7+ Kb3 50. Rdc1 b4 51. Re1 Re2
52. Rb1+ Rb2 53. Re1 d4 54. Rxe4 d3 55. Rcc4 d2 56. Rxb4+ Kc2 57. Ra4 Kb1 58.
Red4 Rxd4 59. Rxd4 Kc1 60. Kxf3 d1=Q+ 0-1

[Event "Massy Op"]
[Site "Massy"]
[Date "10.06.28"]
[Round "?"]
[White "De Lagontrie, Jean"]
[Black "Andre, Philippe"]
[Result "1-0"]
[WhiteElo "1965"]
[BlackElo "1793"]
[PlyCount "59"]
[EventDate "2010.06.??"]
[EventType "swiss"]
[EventRounds "7"]
[EventCountry "FRA"]
[WhiteTeamCountry "FRA"]
[BlackTeamCountry "FRA"]

1. d4 Nf6 2. c4 e6 3. Nc3 Bb4 4. e3 b6 5. Nge2 Bb7 6. a3 Be7 7. d5 d6 8. e4 e5
9. Ng3 Nbd7 10. Bd3 O-O 11. O-O Re8 12. b4 Bf8 13. Be3 g6 14. Nge2 Bg7 15. h3
Kh8 16. Bc2 Ng8 17. Ba4 Ne7 18. Bxd7 Qxd7 19. b5 f5 20. f3 f4 21. Bf2 g5 22.
Nc1 h5 23. Nd3 a5 24. Na4 Nc8 25. Rb1 Bf6 26. c5 dxc5 27. Naxc5 Qd6 28. Nxb7
Qxa3 29. d6 cxd6 30. Rb3 1-0

[Event "Massy Op"]
[Site "Massy"]
[Date "10.06.28"]
[Round "?"]
[White "Robert, Jean Marie"]
[Black "Legrand, Stephane"]
[Result "0-1"]
[WhiteElo "1834"]
[BlackElo "2129"]
[PlyCount "50"]
[EventDate "2010.06.??"]
[EventType "swiss"]
[EventRounds "7"]
[EventCountry "FRA"]
[WhiteTeamCountry "FRA"]
[BlackTeamCountry "FRA"]

1. c4 c5 2. Nf3 Nc6 3. d4 cxd4 4. Nxd4 e6 5. Nc3 Nf6 6. g3 Qb6 7. Nb3 Bb4 8.
Bg2 Ne5 9. Nd2 Neg4 10. e3 d6 11. O-O O-O 12. Qc2 Bd7 13. a3 Bxc3 14. Qxc3 Rac8
15. Qd4 Qa6 16. b3 e5 17. Qb2 h5 18. Rd1 Qb6 19. Nb1 Bf5 20. Nc3 e4 21. Nd5
Nxd5 22. Rxd5 Ne5 23. Qd4 Qxb3 24. Bxe4 Rxc4 25. Bxf5 Rxd4 0-1

[Event "Massy Op"]
[Site "Massy"]
[Date "10.06.28"]
[Round "?"]
[White "Tirel,  Marcel"]
[Black "Peignien, Laurent"]
[Result "1/2-1/2"]
[WhiteElo "1680"]
[BlackElo "1526"]
[PlyCount "67"]
[EventDate "2010.06.??"]
[EventType "swiss"]
[EventRounds "7"]
[EventCountry "FRA"]
[WhiteTeamCountry "FRA"]
[BlackTeamCountry "FRA"]

1. d4 Nf6 2. c4 g6 3. Nc3 Bg7 4. Nf3 O-O 5. Bf4 d6 6. e3 Nh5 7. Bg3 f5 8. Bh4
Nc6 9. Be2 Qe8 10. Nd5 Qd7 11. O-O e6 12. Nc3 b6 13. Rc1 Nd8 14. Qb3 Nf7 15.
Rfd1 Bb7 16. c5 Bxf3 17. Bxf3 d5 18. cxb6 cxb6 19. Bxh5 gxh5 20. Rc2 Nd6 21.
Rdc1 Bh6 22. Bg3 Nc4 23. Qb5 Qxb5 24. Nxb5 Nxe3 25. Re2 Nxg2 26. Rc6 Nf4 27.
Bxf4 Bxf4 28. Rcxe6 Kh8 29. Nc3 Rg8+ 30. Kh1 Rac8 31. Nxd5 Bd2 32. h3 Rc1+ 33.
Kh2 Rcg1 34. Re8 1/2-1/2

[Event "Massy Op"]
[Site "Massy"]
[Date "10.06.28"]
[Round "?"]
[White "Tchimichkian, Vardan"]
[Black "Yallaoui , Jean"]
[Result "0-1"]
[WhiteElo "1565"]
[BlackElo "1719"]
[PlyCount "74"]
[EventDate "2010.06.??"]
[EventType "swiss"]
[EventRounds "7"]
[EventCountry "FRA"]
[WhiteTeamCountry "FRA"]
[BlackTeamCountry "FRA"]

1. e4 d6 2. d4 Nf6 3. Nc3 g6 4. f4 Bg7 5. Nf3 O-O 6. Bd3 Nc6 7. a3 a5 8. Be3
Ng4 9. Bg1 e5 10. h3 exd4 11. Ne2 Ne3 12. Bxe3 dxe3 13. Qc1 d5 14. c3 Re8 15.
Qc2 dxe4 16. Bxe4 Ne7 17. Rd1 Bd7 18. O-O c6 19. Ne5 Bxe5 20. fxe5 Qc8 21. Rf3
Nf5 22. Rdf1 Rxe5 23. g4 Nh6 24. Nf4 Qe8 25. Bd3 a4 26. Qg2 Qe7 27. Bc4 b5 28.
Bxf7+ Nxf7 29. Nh5 e2 30. Nf6+ Kh8 31. Re1 Qc5+ 32. Kh1 Be6 33. Qg3 Ng5 34. Qh4
Bd5 35. Nxd5 Qxd5 36. Rxe2 Qxf3+ 37. Rg2 Rae8 0-1

[Event "Massy Op"]
[Site "Massy"]
[Date "10.06.28"]
[Round "?"]
[White "Berthier, Hugo"]
[Black "Cambus , Patrick"]
[Result "1-0"]
[WhiteElo "2199"]
[BlackElo "1728"]
[PlyCount "71"]
[EventDate "2010.06.??"]
[EventType "swiss"]
[EventRounds "7"]
[EventCountry "FRA"]
[WhiteTeamCountry "FRA"]
[BlackTeamCountry "FRA"]

1. d4 Nf6 2. c4 e5 3. d5 Bc5 4. Nf3 c6 5. Nc3 e4 6. Nd4 cxd5 7. Nb3 Bxf2+ 8.
Kxf2 dxc4 9. Nd4 d5 10. Ke1 Be6 11. Bg5 Nbd7 12. e3 O-O 13. Be2 Qb6 14. Qd2 Ne5
15. Bxf6 gxf6 16. Rf1 Nd3+ 17. Bxd3 cxd3 18. Rxf6 Qd6 19. Qf2 Qe5 20. Kd2 Qg5
21. Rf1 Qg7 22. Nxe6 fxe6 23. Rxf8+ Rxf8 24. Qxf8+ Qxf8 25. Rxf8+ Kxf8 26. Nb5
a6 27. Nd6 b6 28. g4 b5 29. b4 Ke7 30. Nb7 Kf6 31. h4 Ke5 32. Nc5 d4 33. Nxa6
dxe3+ 34. Kxe3 Kd5 35. Nc5 Kc4 36. Nxe4 1-0

[Event "Massy Op"]
[Site "Massy"]
[Date "10.06.28"]
[Round "?"]
[White "Lavabre, Fabien"]
[Black "Pernet, Roger"]
[Result "1-0"]
[WhiteElo "2236"]
[BlackElo "1804"]
[PlyCount "31"]
[EventDate "2010.06.??"]
[EventType "swiss"]
[EventRounds "7"]
[EventCountry "FRA"]
[WhiteTeamCountry "FRA"]
[BlackTeamCountry "FRA"]

1. e4 c5 2. c3 d5 3. exd5 Qxd5 4. Nf3 Nf6 5. d4 Bg4 6. dxc5 Qxc5 7. Na3 Nc6 8.
Nb5 Ne5 9. Be3 Nxf3+ 10. gxf3 Qc6 11. fxg4 a6 12. Qa4 Nd7 13. O-O-O Rc8 14. Rg1
Rd8 15. Qa5 axb5 16. Bxb5 1-0

[Event "Massy Op"]
[Site "Massy"]
[Date "10.06.28"]
[Round "?"]
[White "Gaudin, Roger"]
[Black "Laigle , Corinne"]
[Result "1-0"]
[WhiteElo "1597"]
[BlackElo "1160"]
[PlyCount "63"]
[EventDate "2010.06.??"]
[EventType "swiss"]
[EventRounds "7"]
[EventCountry "FRA"]
[WhiteTeamCountry "FRA"]
[BlackTeamCountry "FRA"]

1. d4 d5 2. c4 c6 3. Nc3 Nf6 4. Bg5 Ng4 5. e3 h6 6. Bh4 g5 7. Bg3 Nd7 8. Qxg4
Nf6 9. Qd1 Bg7 10. Bd3 O-O 11. Be5 b5 12. cxd5 cxd5 13. Bxb5 a6 14. Qa4 Bd7 15.
Bxd7 Nxd7 16. Bxg7 Kxg7 17. Nxd5 Nb6 18. Nxb6 Qxb6 19. Qb3 Qc7 20. Ne2 Qa5+ 21.
Qc3 Qd5 22. O-O g4 23. Nf4 Qe4 24. Qd3 Qc6 25. Rfc1 Qf6 26. Nh5+ Kg8 27. Nxf6+
exf6 28. Qf5 Rfb8 29. Qxf6 Rxb2 30. Rc7 Rab8 31. Qxf7+ Kh8 32. Qg7# 1-0

[Event "Massy Op"]
[Site "Massy"]
[Date "10.06.28"]
[Round "?"]
[White "Deutsche , Gerald"]
[Black "Baldi, Valentine"]
[Result "1-0"]
[WhiteElo "1440"]
[BlackElo "1622"]
[PlyCount "79"]
[EventDate "2010.06.??"]
[EventType "swiss"]
[EventRounds "7"]
[EventCountry "FRA"]
[WhiteTeamCountry "FRA"]
[BlackTeamCountry "FRA"]

1. e4 e5 2. Nc3 Nf6 3. Nf3 Nc6 4. Bc4 Bc5 5. d3 O-O 6. Bg5 d6 7. Nd5 Bg4 8. h3
Bh5 9. g4 Bg6 10. Nxf6+ gxf6 11. Bh6 Re8 12. Qe2 a6 13. a3 b5 14. Bd5 Qd7 15.
O-O-O Rab8 16. Bxc6 Qxc6 17. h4 b4 18. axb4 Bxb4 19. Bd2 Qa4 20. Bxb4 Qxb4 21.
b3 h6 22. Qd2 Qxd2+ 23. Rxd2 c6 24. h5 Bh7 25. Ng1 d5 26. f3 Red8 27. Ne2 Rbc8
28. Kb2 dxe4 29. fxe4 Bxe4 30. Rf1 Kg7 31. Ng3 Bd5 32. Rdf2 Rd6 33. Nf5+ Kh7
34. Nxd6 Rg8 35. Ne4 Bxe4 36. dxe4 Rxg4 37. Rxf6 c5 38. Rxf7+ Rg7 39. Rxg7+
Kxg7 40. Rf5 1-0

[Event "Massy Op"]
[Site "Massy"]
[Date "10.06.28"]
[Round "?"]
[White "Legrand , Antoine"]
[Black "Ghersi , Kader"]
[Result "0-1"]
[WhiteElo "1668"]
[BlackElo "1759"]
[PlyCount "92"]
[EventDate "2010.06.??"]
[EventType "swiss"]
[EventRounds "7"]
[EventCountry "FRA"]
[WhiteTeamCountry "FRA"]
[BlackTeamCountry "FRA"]

1. e4 e5 2. Nf3 Nc6 3. d4 exd4 4. Bc4 Nf6 5. e5 Ne4 6. Bd5 Nc5 7. Ng5 Ne6 8.
Nxe6 dxe6 9. Bxc6+ bxc6 10. O-O Bb7 11. Qf3 Rb8 12. Qd3 Qd5 13. Nd2 Qxe5 14.
Nf3 Qb5 15. Qxd4 Ba6 16. Rd1 Qd5 17. Be3 Qxd4 18. Bxd4 c5 19. Be5 Rc8 20. Rd2
f6 21. Bc3 Bd6 22. Re1 Kf7 23. Re4 Bb5 24. Ba5 Rhd8 25. c4 Bc6 26. Re3 Rd7 27.
Re1 Rcd8 28. Rde2 Re8 29. Bd2 h5 30. h4 Rde7 31. a3 Rb8 32. Bc3 Ba4 33. Nd2 Bc2
34. g3 Rb6 35. Re3 Ra6 36. Rc1 Bh7 37. Ne4 Ra4 38. Nd2 Bg6 39. Kh2 Re8 40. Kg1
Bf5 41. Kg2 Kg8 42. Rce1 e5 43. Rc1 Be6 44. Re4 f5 45. Ree1 Bxc4 46. b3 Bd5+
0-1

[Event "Massy Op"]
[Site "Massy"]
[Date "10.06.28"]
[Round "?"]
[White "Veron, Cyprien"]
[Black "Preschez,  Francois"]
[Result "1/2-1/2"]
[WhiteElo "2087"]
[BlackElo "1850"]
[PlyCount "100"]
[EventDate "2010.06.??"]
[EventType "swiss"]
[EventRounds "7"]
[EventCountry "FRA"]
[WhiteTeamCountry "FRA"]
[BlackTeamCountry "FRA"]

1. Nf3 Nf6 2. c4 g6 3. g3 Bg7 4. Bg2 O-O 5. O-O d6 6. d4 Nbd7 7. Nc3 c6 8. e4
e5 9. h3 Qb6 10. c5 dxc5 11. dxe5 Ne8 12. Na4 Qc7 13. e6 fxe6 14. Ng5 Nb6 15.
Nxc5 Qe7 16. Qc2 h6 17. Nf3 e5 18. Kh2 Kh7 19. b3 Qc7 20. Bb2 Bf6 21. Nd3 Nd7
22. Qc3 Nd6 23. Rfe1 Nf7 24. Rad1 b6 25. Nb4 Nc5 26. Nxc6 Qxc6 27. b4 Be6 28.
bxc5 Qxc5 29. Qxc5 bxc5 30. Rc1 Rfc8 31. Ba3 c4 32. Rc3 Rd8 33. Bf1 Ng5 34. h4
Nxf3+ 35. Rxf3 Kg7 36. Bb4 g5 37. hxg5 Bxg5 38. Bc3 Bf6 39. Bh3 Bxh3 40. Kxh3
Rd3 41. Rxd3 cxd3 42. Rd1 Rd8 43. Kg4 Kg6 44. f4 h5+ 45. Kf3 exf4 46. Bxf6 Kxf6
47. gxf4 d2 48. Kg3 Rd4 49. Kh4 Rxe4 50. Rxd2 Rxf4+ 1/2-1/2

[Event "Massy Op"]
[Site "Massy"]
[Date "10.06.28"]
[Round "?"]
[White "Aurel, Luc"]
[Black "Levesque, Thomas"]
[Result "1-0"]
[WhiteElo "2185"]
[BlackElo "1974"]
[PlyCount "87"]
[EventDate "2010.06.??"]
[EventType "swiss"]
[EventRounds "7"]
[EventCountry "FRA"]
[WhiteTeamCountry "FRA"]
[BlackTeamCountry "FRA"]

1. e4 e6 2. d3 c5 3. g3 Nc6 4. f4 g6 5. Nf3 Bg7 6. Bg2 Nge7 7. O-O d5 8. e5 O-O
9. Be3 b6 10. Bf2 Bb7 11. c3 Qd7 12. Na3 Ba6 13. Re1 Rfd8 14. Nc2 Rac8 15. g4
Na5 16. d4 cxd4 17. Nfxd4 Nec6 18. Rb1 Bf8 19. a3 Bc4 20. b4 Nxd4 21. Nxd4 Nc6
22. Nxc6 Rxc6 23. Bd4 Bg7 24. Rb2 Re8 25. Rf2 Qb7 26. Re3 Qb8 27. Qe1 Rc7 28.
h4 Qd8 29. Rff3 Ba6 30. h5 gxh5 31. g5 Qd7 32. Rh3 Qa4 33. Rxh5 Qc2 34. Rhh3
Qf5 35. Qh4 Rec8 36. Kh2 Bc4 37. Rhg3 Ba2 38. Bh3 Qc2+ 39. Rg2 Qb1 40. Re1 Qb3
41. f5 Rc6 42. g6 fxg6 43. fxg6 h6 44. Rf1 1-0

[Event "Massy Op"]
[Site "Massy"]
[Date "10.06.28"]
[Round "?"]
[White "Imbert, Gerard"]
[Black "Frere , Mehdi"]
[Result "1-0"]
[WhiteElo "1694"]
[BlackElo "1320"]
[PlyCount "87"]
[EventDate "2010.06.??"]
[EventType "swiss"]
[EventRounds "7"]
[EventCountry "FRA"]
[WhiteTeamCountry "FRA"]
[BlackTeamCountry "FRA"]

1. d4 g6 2. c4 Bg7 3. Nc3 Nf6 4. e4 d6 5. Be2 c5 6. d5 Nfd7 7. f4 Bxc3+ 8. bxc3
O-O 9. Nf3 Qa5 10. Bd2 Nb6 11. O-O Qa4 12. Qxa4 Nxa4 13. Ne1 e6 14. Rb1 Nb6 15.
Nc2 e5 16. fxe5 dxe5 17. Be3 N6d7 18. Bh6 Re8 19. Rf2 b6 20. Rbf1 f6 21. Be3
Kg7 22. h4 Rf8 23. g4 Na6 24. Na3 Nc7 25. Nb5 Ne8 26. g5 a6 27. Na3 Ra7 28.
gxf6+ Ndxf6 29. Bg5 Raf7 30. Bd3 Ng4 31. Rxf7+ Rxf7 32. Rxf7+ Kxf7 33. Bd8 Nd6
34. Bxb6 Nf6 35. Bxc5 Ndxe4 36. Bxe4 Nxe4 37. Bb4 Bf5 38. Kg2 Nd2 39. Kf2 Nb1
40. d6 Ke6 41. Nxb1 Bxb1 42. c5 Bxa2 43. c6 Bd5 44. d7 1-0

[Event "Massy Op"]
[Site "Massy"]
[Date "10.06.28"]
[Round "?"]
[White "Benmenni, Boubekeur"]
[Black "Demetz , Yves"]
[Result "0-1"]
[WhiteElo "1726"]
[BlackElo "1833"]
[PlyCount "110"]
[EventDate "2010.06.??"]
[EventType "swiss"]
[EventRounds "7"]
[EventCountry "FRA"]
[WhiteTeamCountry "FRA"]
[BlackTeamCountry "FRA"]

1. d4 Nf6 2. c4 g6 3. Nc3 d5 4. e3 Bg7 5. Nf3 O-O 6. Bd3 c5 7. dxc5 dxc4 8.
Bxc4 Qa5 9. Bd2 Qxc5 10. Qb3 Nc6 11. Nb5 a6 12. Nc7 Na5 13. Bxa5 Qxa5+ 14. Qc3
Qxc3+ 15. bxc3 Rb8 16. Rb1 Bf5 17. Rb6 Nd7 18. Rb3 e6 19. Nd4 Bxd4 20. cxd4
Rfc8 21. Kd2 Rxc7 22. Rc1 Rbc8 23. Rbc3 b5 24. Be2 Rxc3 25. Rxc3 Rxc3 26. Kxc3
Be4 27. f3 Bb7 28. Kb4 Kf8 29. a4 bxa4 30. Kxa4 Ke7 31. Ka5 Kd6 32. e4 f5 33.
Bd3 fxe4 34. fxe4 Kc7 35. Bc4 e5 36. dxe5 Nxe5 37. Bg8 h6 38. Be6 Nc6+ 39. Ka4
Kd6 40. Bd5 Ke5 41. Bf7 g5 42. Bg6 Kf4 43. Kb3 Ne5 44. g3+ Ke3 45. Be8 Kxe4 46.
h4 Kf5 47. hxg5 hxg5 48. Bh5 Bf3 49. Be8 Kg4 50. Kc3 Kxg3 51. Kd4 Kf4 52. Kc3
Ke3 53. Kc2 g4 54. Bh5 g3 55. Bxf3 Kxf3 0-1

[Event "Massy Op"]
[Site "Massy"]
[Date "10.06.29"]
[Round "?"]
[White "Doucin, Paul"]
[Black "Frere,  Bruno"]
[Result "0-1"]
[WhiteElo "1692"]
[BlackElo "1797"]
[PlyCount "64"]
[EventDate "2010.06.??"]
[EventType "swiss"]
[EventRounds "7"]
[EventCountry "FRA"]
[WhiteTeamCountry "FRA"]
[BlackTeamCountry "FRA"]

1. e4 g6 2. d4 Bg7 3. Nf3 d6 4. Be3 Nf6 5. Nc3 O-O 6. Be2 c6 7. O-O b5 8. h3 b4
9. e5 dxe5 10. dxe5 bxc3 11. exf6 Bxf6 12. b3 Bf5 13. Nd4 Bxd4 14. Bxd4 Bxc2
15. Qxc2 Qxd4 16. Rac1 Qf6 17. Rfd1 a5 18. Rd3 Na6 19. a3 Rfc8 20. Rxc3 Nb8 21.
Bc4 Qd6 22. a4 Ra7 23. Rd1 Qc7 24. Rcd3 c5 25. Qd2 Nc6 26. Qg5 Nd4 27. Rc1 Ne2+
28. Kh1 Nxc1 29. Qxc1 Rd8 30. Qd1 Rxd3 31. Qxd3 Qd6 32. Qf3 e6 0-1

[Event "Massy Op"]
[Site "Massy"]
[Date "10.06.29"]
[Round "?"]
[White "Legrand, Claire"]
[Black "Doucin, Paul"]
[Result "1-0"]
[WhiteElo "1593"]
[BlackElo "1692"]
[PlyCount "93"]
[EventDate "2010.06.??"]
[EventType "swiss"]
[EventRounds "7"]
[EventCountry "FRA"]
[WhiteTeamCountry "FRA"]
[BlackTeamCountry "FRA"]

1. e4 c5 2. d3 g6 3. Nd2 Bg7 4. g3 Nc6 5. Bg2 d6 6. c3 Nf6 7. f4 O-O 8. Ngf3
Bg4 9. O-O Qc8 10. Qe1 Bh3 11. Nh4 Bxg2 12. Kxg2 b5 13. f5 Ne5 14. d4 Nd3 15.
Qe3 c4 16. h3 Qb7 17. g4 e6 18. g5 Nd7 19. f6 Bh8 20. b3 d5 21. Ba3 Rfc8 22.
Nhf3 b4 23. bxc4 bxa3 24. Qxd3 Nb6 25. Rab1 dxc4 26. Nxc4 Qc7 27. Nxb6 axb6 28.
Rb3 Qf4 29. Rxb6 Ra5 30. e5 Raa8 31. Re1 Rc7 32. Re4 Qc1 33. Rb1 Qxc3 34. Qxc3
Rxc3 35. Re2 Rac8 36. Rb3 h5 37. Rxc3 Rxc3 38. Ne1 Rc8 39. Rc2 Rb8 40. Nd3 Rd8
41. Rc4 Ra8 42. Kf3 Kf8 43. Ke4 Ke8 44. Nc5 Rb8 45. Ra4 Kf8 46. Nd7+ Kg8 47.
Nxb8 1-0